| Record ID | marc_loc_2016/BooksAll.2016.part06.utf8:123775744:905 |
| Source | Library of Congress |
| Download Link | /show-records/marc_loc_2016/BooksAll.2016.part06.utf8:123775744:905?format=raw |
LEADER: 00905cam a22002531 4500
001 67096610
003 DLC
005 20050603215156.0
008 841010s1967 ne o 000 0 dut
010 $a 67096610
035 $a(OCoLC)23392002
040 $aDLC$cMiU$dDLC
042 $apremarc
050 00 $aN61$b.F36
100 1 $aFeith, Rhijnvis,$d1753-1824.
245 14 $aHet ideaal in de kunst.$bVoor he teerst uitgegeven naar de handschriften.$cInleiding en aantekeningen door P. J. Buijnsters.
260 $aZwolle,$bW. E. J. Tjeenk Willink,$c1967.
300 $a148 p.$b3 p. of photos.$c21 cm.
490 1 $aZwolse drukken en herdrukken voor de Maatschappij der Nederlandse letterkunde te Leiden,$vnr. 58
504 $aBibliographical footnotes.
650 0 $aIdealism in art
650 0 $aArt$xEarly works to 1800.
700 1 $aBuijnsters, P. J.$eed.
830 0 $aZwolse drukken en herdruken ;$vnr. 58.